El valle de los reyes (Record no. 34660)
[ view plain ]
| 000 -CABECERA | |
|---|---|
| campo de control de longitud fija | 00554cam a22002172a 4500 |
| 001 - NÚMERO DE CONTROL | |
| campo de control | 017161 |
| 003 - IDENTIFICADOR DEL NÚMERO DE CONTROL | |
| campo de control | AR-FADEU |
| 005 - FECHA Y HORA DE LA ÚLTIMA TRANSACCIÓN | |
| campo de control | 20211216101300.0 |
| 008 - DATOS DE LONGITUD FIJA--INFORMACIÓN GENERAL | |
| campo de control de longitud fija | 311216n1970####xxu####################dd |
| 020 ## - ISBN | |
| Número Internacional Estándar del Libro | 84-390-0178-9 |
| 040 ## - FUENTE DE LA CATALOGACIÓN | |
| Centro/agencia transcriptor | Biblioteca Ernesto Sábato |
| 092 ## - SIGNATURA TOPOGRÁFICA | |
| Número de clasificación | 962.01 |
| Libristica | D674 |
| Sector | BDGR |
| 100 ## - Autor Personal | |
| Nombre de persona | Donadoni Roveri, Ana María |
| 245 ## - MENCIÓN DE TÍTULO | |
| Título | El valle de los reyes |
| 250 ## - MENCIÓN DE EDICIÓN | |
| Mención de edición | 5a. |
| 260 ## - PUBLICACIÓN, DISTRIBUCIÓN, ETC. (PIE DE IMPRENTA) | |
| Lugar de publicación, distribución, etc. | Madrid |
| Nombre del editor, distribuidor, etc. | Cupsa |
| Fecha de publicación, distribución, etc. | 1982 |
| 300 ## - DESCRIPCIÓN FÍSICA | |
| Paginas | 75 p. : il |
| 440 ## - MENCIÓN DE SERIE/PUNTO DE ACCESO ADICIONAL--TÍTULO | |
| Título | Documentos de arte |
| Número de parte o sección de la obra | 7 |
| 650 ## - Descriptores Tematicos | |
| Término de materia o nombre geográfico como elemento inicial | EGIPTO-HISTORIA |
| 942 ## - ELEMENTOS DE PUNTO DE ACCESO ADICIONAL (KOHA) | |
| Tipo de ítem Koha | BDGR |
| Fuente del sistema de clasificación o colocación | Dewey Decimal Classification |
| Estado de retiro | Estado de pérdida | Fuente del sistema de clasificación o colocación | Estado dañado | No para préstamo | Localización permanente | Ubicación/localización actual | Fecha de adquisición | Número de inventario | Total de préstamos | Signatura topográfica completa | Código de barras | Fecha visto por última vez | Precio válido a partir de | Tipo de ítem Koha |
|---|---|---|---|---|---|---|---|---|---|---|---|---|---|---|
| Dewey Decimal Classification | Biblioteca Ernesto Sabato - FADECS - UNCOMA | Biblioteca Ernesto Sabato - FADECS - UNCOMA | 16/12/2021 | 25370 | 962.01 D674 | 25370 | 16/12/2021 | 16/12/2021 | BDGR |